| 000 | 01380cad a22002415a 4500 | ||
|---|---|---|---|
| 001 | L159674 | ||
| 008 | 120615s2017 xxk 000 0 eng d | ||
| 035 | _a(Sirsi) u159674 | ||
| 041 | 0 | _aeng | |
| 110 | 1 | _aCBRE | |
| 245 | 0 | 0 |
_aTop trends in facilities management _bhow society, demographics and technology are changing the world of FM _h[electronic resource] |
| 260 |
_aLondon _bCBRE _c2017 |
||
| 505 | 2 | _aForeword: a world of opportunity -- Top trends in FM: a summary -- The changing face of outsourcing -- Outsourcing evolution -- Integrated services -- The new workplace -- The multi-generational workplace -- Wellness -- Collaboration -- Digital disruption and the portfolio -- Managed workspace and co-working -- Personalisation -- Smart technology and artificial intelligence -- The smart workplace -- Data-driven decision making -- The rise of the robots -- Conclusion | |
| 520 | _aIntets to help occupiers think through how they achieve their strategic goals, through their real estate and facilities. | ||
| 590 | _aNTK KA | ||
| 650 | 2 | 4 |
_aFacilities management _96240 |
| 650 | 2 | 4 | _aDIGITISATION |
| 651 | 4 | _aEurope | |
| 651 | 4 | _aEMEA | |
| 690 |
_aCommercial property _96227 |
||
| 856 | 4 | 0 |
_uhttps://www.cbre.co.uk/research-and-reports/EMEA---Top-Trends-In-Facilities-Management-January-2017 _zView the report at www.cbre.co.uk/research-and-reports |
| 942 | _n0 | ||
| 999 |
_c116085 _d116085 |
||